000 00658nam a2200169Ia 4500
003 GCL
008 140319s9999 xx 000 0 ara d
040 _aGCL /
_cGCL
082 0 4 _a371.331
_bق م
100 1 _aقسم التوثيق التربوى
245 1 0 _aمجموعة القوانين والانظمة التربوية (الجزئين الثامن والتاسع) /
_cقسم التوثيق التربوى
490 _aالهيئة العامة للاستعلامات
_v0
650 0 4 _aالادارة التعليمية
650 0 4 _aالمدارس - تنظيم وادارة
650 0 4 _aالادارة - تعليم وتدريس
942 _2ddc
_cBK
999 _c48106
_d48106